| 000 | 01008naa a22002657a 4500 | ||
|---|---|---|---|
| 001 | BR9205094 | ||
| 003 | BR-BrBNA | ||
| 005 | 20240918180728.0 | ||
| 007 | ta | ||
| 008 | 230509b bl.||||| |||| 00| 0 por d | ||
| 040 |
_aBR-BrBNA _bpor _cBiblioteca Nacional de Agricultura |
||
| 041 | _a(Pt) | ||
| 072 |
_aL73 _b5212 |
||
| 090 | _aL73 BR9205094 | ||
| 100 | 1 | _aSaliba, A.M. | |
| 245 | 1 | _aLesoes do aparelho circulatorio, observadas em matadouros | |
| 260 | 3 |
_aSao Paulo, SP (Brasil): _c1969. |
|
| 500 | _aBarbuto, O.J.M. (coord.) Curso de especializacao em higiene da carne Sao Paulo, SP (Brasil): 1969. p. 38-40 (BR9205094-AM)L73 | ||
| 650 | _aBOVINO | ||
| 650 | _aLESAO | ||
| 650 | _aAPARELHO CIRCULATORIO | ||
| 773 | 0 |
_tCurso de especializacao em higiene da carne _aBarbuto, O.J.M. (coord.). Universidade de Sao Paulo, Sao Paulo (Brasil). Faculdade de Medicina Veterinaria _wL73 BR9205094 _gSao Paulo, SP (Brasil), 1969. p. 38-40 |
|
| 909 |
_a202404 _bLucia _c55 _dLucia Elande |
||
| 942 |
_cAM _2AGRIS |
||
| 999 |
_c321861 _d321861 |
||